000
00286nam a2200121Ia 4500
008
190216s9999||||xx |||||||||||||| ||und||
100
_a
Bhatacharya A K
245
0
_a
Financial Accounting
260
_b
Prentice Hall Of India Pvt Ltd
300
_a
707
650
_a
Commerce
942
_c
BK
999
_c
6984
_d
6984